Combined compendium of food additive specifications: Joint FAO/WHO Expert Committee on Food Additives : all specifications monographs from the 1st to the 65th meeting

保存先:
書誌詳細
団体著者: FAO
フォーマット: 図書
言語:Undetermined
出版事項: Rome, Italy FAO 2006
主題:
タグ: タグ追加
タグなし, このレコードへの初めてのタグを付けませんか!
Thư viện lưu trữ: Trung tâm Học liệu Trường Đại học Cần Thơ
LEADER 00652nam a2200205Ia 4500
001 CTU_130337
008 210402s9999 xx 000 0 und d
082 |a 664.062 
082 |b F686/Vol.4 
110 |a FAO 
245 0 |a Combined compendium of food additive specifications: 
245 0 |b Joint FAO/WHO Expert Committee on Food Additives : all specifications monographs from the 1st to the 65th meeting 
245 0 |c FAO 
260 |a Rome, Italy 
260 |b FAO 
260 |c 2006 
650 |a Food additives,Food additives 
650 |x Standards,Specifications 
904 |i Minh 
980 |a Trung tâm Học liệu Trường Đại học Cần Thơ